江苏省县级行政区划 - Statistics

General Stats
  • This quiz has been taken 654 times
  • The average score is 56 of 95
Answer Stats
Hint Answer % Correct
苏州市 昆山市
86%
南京市 鼓楼区
83%
徐州市 鼓楼区
83%
苏州市 张家港市
83%
南京市 玄武区
80%
苏州市 常熟市
80%
无锡市 江阴市
79%
南京市 雨花台区
78%
南京市 江宁区
78%
苏州市 姑苏区
76%
苏州市 太仓市
76%
南通市 启东市
76%
南京市 溧水区
75%
南京市 六合区
74%
南京市 高淳区
74%
无锡市 宜兴市
74%
徐州市 沛县
73%
南京市 秦淮区
70%
南京市 浦口区
70%
苏州市 吴中区
70%
苏州市 吴江区
69%
南通市 如皋市
69%
徐州市 丰县
67%
常州市 武进区
67%
常州市 溧阳市
66%
南通市 通州区
66%
扬州市 高邮市
66%
镇江市 扬中市
66%
镇江市 句容市
66%
南京市 建邺区
65%
南京市 栖霞区
65%
盐城市 大丰区
65%
无锡市 锡山区
64%
镇江市 丹阳市
64%
苏州市 相城区
63%
淮安市 淮阴区
63%
常州市 金坛区
62%
苏州市 虎丘区
62%
南通市 海门区
62%
连云港市 灌云县
62%
泰州市 泰兴市
62%
南通市 如东县
61%
连云港市 灌南县
61%
无锡市 惠山区
60%
连云港市 连云区
59%
徐州市 邳州市
58%
南通市 海安市
58%
连云港市 赣榆区
58%
盐城市 东台市
58%
淮安市 盱眙县
55%
扬州市 仪征市
55%
镇江市 京口区
55%
镇江市 丹徒区
55%
泰州市 靖江市
55%
徐州市 新沂市
54%
徐州市 云龙区
53%
徐州市 铜山区
53%
扬州市 邗江区
53%
扬州市 江都区
53%
泰州市 姜堰区
53%
宿迁市 泗洪县
53%
无锡市 梁溪区
52%
连云港市 海州区
52%
连云港市 东海县
52%
淮安市 淮安区
52%
盐城市 射阳县
52%
扬州市 宝应县
52%
无锡市 滨湖区
51%
盐城市 盐都区
51%
扬州市 广陵区
50%
常州市 钟楼区
49%
泰州市 兴化市
49%
宿迁市 沭阳县
49%
宿迁市 泗阳县
49%
常州市 新北区
48%
淮安市 涟水县
48%
盐城市 响水县
48%
宿迁市 宿豫区
48%
徐州市 贾汪区
47%
淮安市 清江浦区
47%
镇江市 润州区
47%
无锡市 新吴区
46%
宿迁市 宿城区
46%
南通市 崇川区
45%
淮安市 金湖县
45%
常州市 天宁区
44%
盐城市 滨海县
44%
盐城市 建湖县
43%
泰州市 海陵区
43%
泰州市 高港区
43%
徐州市 睢宁县
42%
淮安市 洪泽区
42%
盐城市 阜宁县
42%
盐城市 亭湖区
39%
徐州市 泉山区
36%
No matching quizzes found
Score Distribution
Percent of People with Each Score
Percentile by Number Answered
Your Score History
You have not taken this quiz